000 00585nam a22001817a 4500
005 20130514115944.0
010 _aENG-107099
020 _a9789381090343
_c500.00
035 _aEN-90632
037 _bDBAD/PUB
082 _a330.0954
100 _aShreenarayan Balkrishna
245 1 0 _aCurrent issues on education, economics commerce, agriculture and general /
_cby Shreenarayan Balkrishna
260 _aHaryana
_bShanti Prakashan
_c2012
270 _a1780, Sector-1, Delhi By-pass
_bRohtak
_e124001
300 _a337p.
_c22cm(Hb)
942 _2ddc
_cEN
_mSHR
_h330.0954
999 _c75434
_d75434